000 01468nam2a2200325 4500
001 rc\3041601
005 20260315071711.0
010 _bВ пер.
_d50 р.
_91000
021 _aRU
_b47-1120
035 _a(NLR Aleph) 008785918
090 _a13632087
_c13632087
100 _a20111006d1941 u y0rusy50 ca
101 0 _arus
_deng
102 _aRU
105 _aab z |||||
200 0 _aТ. 1
210 _d1941
215 _a[4], 311 с., 47 л. ил., карт., табл.
_cил.
300 _aРезюме на англ. яз.
461 0 _1001rc\3041600
_12000#$aТруды Отдела истории первобытной культуры$fГос. Эрмитаж$vТ. 1
_98010805
_aЭрмитаж (Ленинград). Отдел истории первобытной культуры
_cЛенинград
_d1941
_fГос. Эрмитаж
_n[типография] Ремесленное училище № 71 [и др.]
_tТруды Отдела истории первобытной культуры
_vТ. 1
606 1 _aПервобытная культура
_jСборники
_91343782
_3RU\NLR\AUTH\66245525
606 1 _aАрхеологические памятники
_jСборники
_91017509
_3RU\NLR\AUTH\6670620
801 0 _aRU
_bNLR
_gpsbo
801 1 _aRU
_bELAR
_2rusmarc
801 2 _aRU
_bNLR
_c20121204
_2rusmarc
852 _aNLR
_jИ 10 Г-5/13
852 _aNLR
_bКр
_jIII/204
852 _aNLR
_bМф
_jК1/23898
942 _cUNSPEC
980 _aNB